काफिया : (Record no. 213451)
[ view plain ]
| 000 -LEADER | |
|---|---|
| fixed length control field | 00833nam a22001817a 4500 |
| 005 - DATE AND TIME OF LATEST TRANSACTION | |
| control field | 20250926120429.0 |
| 010 ## - LCCN (DPL NO) | |
| LC control number | HIN-130453 |
| 020 ## - INTERNATIONAL STANDARD BOOK NUMBER | |
| International Standard Book Number | 9788196338336 |
| Terms of availability | 125.00 |
| 035 ## - SYSTEM CONTROL NUMBER | |
| System control number | HN-102799 |
| 037 ## - SOURCE OF ACQUISITION | |
| Source of stock number/acquisition | DBAD |
| 082 ## - DEWEY DECIMAL CLASSIFICATION NUMBER | |
| Classification number | 821 |
| 100 ## - MAIN ENTRY--PERSONAL NAME | |
| Personal name | कृष्णकुमार |
| 245 ## - TITLE STATEMENT | |
| Title | काफिया : |
| Statement of responsibility, etc | कृष्णकुमार |
| Remainder of title | नए दृष्टिकोण के साथ तुकांत का प्रयोग / |
| 260 ## - PUBLICATION, DISTRIBUTION, ETC. (IMPRINT) | |
| Place of publication, distribution, etc | उत्तर प्रदेश |
| Name of publisher, distributor, etc | गुंजन प्रकाशन, मुरादाबाद |
| Date of publication, distribution, etc | 2023 |
| 270 ## - ADDRESS | |
| Address | सी-130, हिमगिरि कालोनी, काठ रोड, |
| City | मुरादाबाद |
| 300 ## - PHYSICAL DESCRIPTION | |
| Extent | 72पृ. |
| Dimensions | 21सेमी (अजिल्द) |
| 942 ## - ADDED ENTRY ELEMENTS (KOHA) | |
| Institution code [OBSOLETE] | dpl |
| Item type | Hindi Books |
| Source of classification or shelving scheme | Dewey Decimal Classification |
| Classification part | 821 |
| Call number suffix | कृष्णकु |
| Withdrawn status | Lost status | Not for loan | Collection code | Home library | Current library | Date acquired | Source of acquisition | Cost, normal purchase price | Full call number | Barcode | Copy number | Cost, replacement price | Koha item type |
|---|---|---|---|---|---|---|---|---|---|---|---|---|---|
| Non-fiction | Peshwa Road | Peshwa Road | 23/09/2025 | DBAD | 125.00 | 821 कृष्णकु | HN-102799 | 1 | 125.00 | Hindi Books |
